Teatro

Saved in:
Bibliografiske detaljer
Hovedforfatter: Wolff, Egon (Author)
Format: Bog
Sprog:spansk
Udgivet: Santiago Nascimento 1978
Serier:Biblioteca Popular Nascimento
Fag:
Tags: Tilføj Tag
Ingen Tags, Vær først til at tagge denne postø!

MARC

LEADER 00000nam a2200000 a 4500
001 UCQ6302
003 CL-VaPUC
008 981009e19780000CL |||||||||||||||||spa|d
082 0 4 |a Ch862  |b WOL  |2 21 
100 0 |a Wolff, Egon  |e author  |9 319026 
245 1 0 |a Teatro 
246 1 0 |a Niñamadre 
246 1 0 |a Flores de Papel 
246 1 0 |a Kindergarten 
300 |a 283 p 
942 |c BK 
945 |d 19981009 00:00:00  |a crobeson 
260 |a Santiago  |b Nascimento  |c 1978 
650 0 |a Dramas chilenos  |9 313819 
650 0 |a Literatura chilena   |9 308278 
583 |a last modification  |c 19981009 00:00:00  |k Rodrigo Vera 
490 0 |a Biblioteca Popular Nascimento 
999 |c 276301  |d 276299 
952 |0 0  |1 0  |4 0  |6 CH_862_000000000000000_WOL_1978  |7 0  |8 A  |9 313470  |a BIBEDU  |b BIBEDU  |d 2019-11-20  |i 1477927  |o Ch862 WOL 1978  |p 1477927  |r 2019-11-20  |w 2019-11-20  |y BK  |k LIT 
952 |0 0  |1 0  |2 ddc  |4 0  |6 CH_862_000000000000000_WOL_1978  |7 0  |8 A  |9 313471  |a BIBEDU  |b BIBEDU  |d 2019-11-20  |i 1206281  |o Ch862 WOL 1978  |p 1206281  |r 2019-11-20  |w 2019-11-20  |y BK  |k LIT